Role of Social Capital in Democratic Consolidation : (Record no. 75720)
[ view plain ]
| 000 -LEADER | |
|---|---|
| fixed length control field | 01001ntm a2200253 a 4500 |
| 001 - CONTROL NUMBER | |
| control field | 75720 |
| 003 - CONTROL NUMBER IDENTIFIER | |
| rucl marc code | BD-RjUL |
| 005 - DATE AND TIME OF LATEST TRANSACTION | |
| control field | 20211209082731.0 |
| 008 - FIXED-LENGTH DATA ELEMENTS--GENERAL INFORMATION | |
| fixed length control field | 190528s2016 bg a|||| bm|| 00| 0 eng d |
| 035 ## - SYSTEM CONTROL NUMBER | |
| System control number | (BD-RjUL)75939 |
| 040 ## - CATALOGING SOURCE | |
| Original cataloging agency | BD-RjUL |
| Language of cataloging | eng |
| Transcribing agency | BD-RjUL |
| Modifying agency | BD-RjUL |
| 041 ## - LANGUAGE CODE | |
| Language code of text/sound track or separate title | eng |
| 082 ## - DEWEY DECIMAL CLASSIFICATION NUMBER | |
| Edition number | 23 |
| Author mark and year | AHR 2016 |
| Classification number | 306.095492 |
| 100 1# - MAIN ENTRY--PERSONAL NAME | |
| Personal name | Ahmed, Monsur |
| 9 (RLIN) | 231928 |
| 245 10 - TITLE STATEMENT | |
| Title | Role of Social Capital in Democratic Consolidation : |
| Remainder of title | A Study on Civil Society Organizations in Bangladesh / |
| Statement of responsibility, etc. | Monsur Ahmed ; |
| Linkage | Supervisor: Sultana Mustafa Khanum |
| 260 ## - PUBLICATION, DISTRIBUTION, ETC. (IMPRINT) | |
| Place of publication, distribution, etc. | Rajshahi : |
| Name of publisher, distributor, etc. | Institute of Bangladesh Studies, University of Rajshahi, |
| Date of publication, distribution, etc. | 2016 |
| 300 ## - PHYSICAL DESCRIPTION | |
| Pagination | xix, 239 leaves : |
| Illustrations | Ill. ; |
| Size | 29 cm. |
| 502 ## - DISSERTATION NOTE | |
| Dissertation note | Thesis (Ph. D.) -- Institute of Bangladesh Studies, University of Rajshahi, 2016 |
| 504 ## - BIBLIOGRAPHY, ETC. NOTE | |
| Bibliography, etc | References: Leaves 204-216 |
| 650 ## - SUBJECT ADDED ENTRY--TOPICAL TERM | |
| Topical term or geographic name as entry element | Social capital (Sociology) |
| 9 (RLIN) | 231929 |
| Topical term or geographic name as entry element | Civil society |
| Geographic subdivision | Bangladesh. |
| 9 (RLIN) | 231930 |
| 700 ## - ADDED ENTRY--PERSONAL NAME | |
| Personal name | Khanum, Sultana Mustafa, Supervisor |
| 942 ## - ADDED ENTRY ELEMENTS (KOHA) | |
| Source of classification or shelving scheme | Dewey Decimal Classification |
| Koha item type | Theses |
| Lost status | Source of classification or shelving scheme | Damaged status | Not for loan | Collection code | Permanent Location | Current Location | Shelving location | Date acquired | Source of acquisition | Total Checkouts | Full call number | Date last seen | Copy number | Koha item type |
|---|---|---|---|---|---|---|---|---|---|---|---|---|---|---|
| Dewey Decimal Classification | Not For Loan | Theses | Central Library, University of Rajshahi | Central Library, University of Rajshahi | Documentation Section | 27/07/2016 | Controller of Examination Office, R. U. | THE 306.095492 AHR 2016 | 28/05/2019 | C-1 | Theses |